00613nam a22001932 4500001001100000005001700011008004100028020001700069040001500086100003200101245011000133250001300243260004500256300001700301650002800318650003800346700003200384852000300416000002102720151021152604.0120109s xx 000 0 eng d a027370255x : aKABUcKABU1 aElliott, Barry.@000018169810aFinancial accounting, reporting and analysis :binternational edition /cBarry Elliott and Jamie Elliott. a2nd ed. aHarlow, England :bPrentice Hall,c2006. axxi, 696 p. 0aAccounting.@0000148321 0aFinancial statements.@00001514671 aElliott, Jamie.@00001816991